LEADER 02464nam 22005053u 450 001 9910462136503321 005 20210108101718.0 010 $a0-8179-4883-X 035 $a(CKB)2670000000276590 035 $a(EBL)3301898 035 $a(SSID)ssj0000756271 035 $a(PQKBManifestationID)11393183 035 $a(PQKBTitleCode)TC0000756271 035 $a(PQKBWorkID)10750393 035 $a(PQKB)10528669 035 $a(MiAaPQ)EBC3301898 035 $a(EXLCZ)992670000000276590 100 $a20151005d2008|||| u|| | 101 0 $aeng 181 $ctxt 182 $cc 183 $acr 200 10$aMacedonia and the Macedonians$b[electronic resource] $eA History 210 $aStanford $cHoover Institution Press$d2008 215 $a1 online resource (392 p.) 225 1 $aHoover Inst Press Publication 300 $aDescription based upon print version of record. 311 $a0-8179-4881-3 327 $a""Contents""; ""Abbreviations""; ""Maps""; ""Preface""; ""1 Land and People at the Crossroads""; ""PART ONE FROM ARGEAD KINGDOM TO OTTOMAN VILAYETS (c. 600BC ad 1800)""; ""2 From Argeads to Huns (c. 600 BCc. AD 600)""; ""3 Medieval, Slavic Macedonia (c. 600c. 1400)""; ""4 Ottoman Rule (c. 1400c. 1800)""; ""PART TWO NATIONAL AWAKENING (c. 1800-1913)""; ""5 Ottoman Reform and Decline (c. 1800-1908)""; ""6 National Awakening and National Identity (1814-1913)""; ""7 The VMRO and Ilinden (1893-1903)""; ""PART THREE STRANGERS IN THEIR HOMELAND (1913-1940)"" 327 $a""8 Decline and Partition (1903-1919)""""9 Macedonia in Three Parts (1920's and 1930's)""; ""10 Macedonian Nationalism: From Right to Left (1920's and 1930's)""; ""PART FOUR STATEHOOD AND INDEPENDENCE (DURING AND AFTER THE SECOND WORLD WAR)""; ""11 War and Revolution (1940-1949)""; ""12 Yugoslav Macedonia: Politics and Government (1944-1991)""; ""13 Economics, Culture, Minorities (1944-1991)""; ""14 Independent Republic (1991-2004)""; ""Epilogue""; ""Notes""; ""Bibliography""; ""Index"" 410 0$aHoover Inst Press Publication 606 $aMacedonia -- History 606 $aMacedonians 608 $aElectronic books. 615 4$aMacedonia -- History. 615 4$aMacedonians. 676 $a949.56 700 $aRossos$b Andrew$0984538 801 0$bAU-PeEL 801 1$bAU-PeEL 801 2$bAU-PeEL 906 $aBOOK 912 $a9910462136503321 996 $aMacedonia and the Macedonians$92249677 997 $aUNINA LEADER 01086nam 2200349z 450 001 9910793471603321 005 20230124225030.0 010 $a0-522-86972-6 035 $a(CKB)4100000007758692 035 $a(MiAaPQ)EBC5683195 035 $a(EXLCZ)994100000007758692 100 $a20190317d2015 uy 0 101 0 $aeng 181 $ctxt$2rdacontent 182 $cc$2rdamedia 183 $acr$2rdacarrier 200 10$aBattleground $ewhy the Liberal Party shirtfronted Tony Abbott /$fWayne Errington, Peter Van Onselen 210 $aCarlton, Vic.$cMelbourne University Press Digital$d2015 215 $a1 online resource 300 $aIncludes index. 311 0 $a0-522-86971-8 606 $aPrime ministers$zAustralia 606 $aPolitics, Practical$zAustralia 607 $aAustralia$xPolitics and government$y2013- 615 0$aPrime ministers 615 0$aPolitics, Practical 700 $aErrington$b Wayne$01578119 702 $aVan Onselen$b Peter 906 $aBOOK 912 $a9910793471603321 996 $aBattleground$93857264 997 $aUNINA